000
00337nam a2200145Ia 4500
008
151213s9999 xx 000 0 und d
100
_a
R.Chessington
245
_a
The Rufe of the Lock Notes
_c
R.Chessington
250
_a
1st
300
_a
2482 p.
650
_a
English
650
_a
English
700
_a
R.Chessington
999
_c
1705
_d
1705